000 00895nam a22002057a 4500
008 240208s2011 ck a grt f000 0 spa d
020 _a9789589266892
037 _3Donación
040 _aCO-JMCR
_cCO-JMCR
_dCO-JMCR
_erda
_bspa
041 _aspa
082 _223
_a332.6
_bH11e
110 _aColombia. Ministerio de hacienda y crédito publico ,
_eautor
_97620
245 _aExperiencia colombiana en la cofinanciación y puesta en marcha de los proyectos de transporte urbano /
_ceditado por Maria cristina pardo salinas, Marcela Andrea Gomez Martínez y Jesús Manuel Rodriguez Muñoz.
260 _aBogotá :
_bMinisterio ,
_c2011
300 _a60 páginas :
_bIncluye tablas y gráficos en color ;
_c23 cm.
650 _943272
650 _943273
650 _943274
999 _c30530
_d16914